|
|
|
|
| LEADER |
00856nam a2200277 4500 |
| 001 |
DLU150173849 |
| 005 |
##20151208 |
| 040 |
# |
# |
|a DLU
|b vie
|
| 041 |
# |
# |
|a vie
|
| 044 |
# |
# |
|a vn
|
| 100 |
# |
# |
|a Hoàng Cầm.
|
| 245 |
# |
# |
|a Du lịch văn hóa và vấn đề bảo vệ, phát huy di sản ở người Lạch, Lạc Dương, Lâm Đồng /
|c Hoàng Cầm.
|
| 653 |
# |
# |
|a Bảo tồn văn hóa cổ truyền
|
| 653 |
# |
# |
|a Di sản
|
| 653 |
# |
# |
|a Du lịch văn hóa
|
| 653 |
# |
# |
|a Người Lạch
|
| 773 |
# |
# |
|t Tạp chí Văn hóa dân gian
|g Số4(154), 2014, tr. 3-13
|
| 920 |
# |
# |
|a Phòng Tạp chí -- Trung tâm Thông tin - Thư viện Trường Đại học Đà Lạt
|
| 994 |
# |
# |
|a DLU
|
| 900 |
# |
# |
|a True
|
| 911 |
# |
# |
|a Nguyễn Thị Mai Anh
|
| 925 |
# |
# |
|a G
|
| 926 |
# |
# |
|a A
|
| 927 |
# |
# |
|a BB
|
| 980 |
# |
# |
|a Thư viện Trường Đại học Đà Lạt
|